Dünden bugüne Türk toplumunda kültür çatışması : (Record no. 15453)
[ view plain ]
| 000 -BAŞLIK | |
|---|---|
| Sabit Uzunlukta Kontrol Alanı | 00871nam a22002657a 4500 |
| 999 ## - SİSTEM KONTROL NUMARALARI (KOHA) | |
| Koha Biblionumber | 15453 |
| Koha Biblioitemnumber | 15453 |
| 003 - KONTROL NUMARASI IDENTIFIER | |
| Denetim Alanı | MIRAKIL |
| 005 - SON İŞLEM TARİHİ VE ZAMANI | |
| Denetim Alanı | 20240221112532.0 |
| 008 - SABİT-BOY VERİ ELEMANLARI - GENEL BİLGİLER | |
| Sabit Uzunlukta Kontrol Alanı | 240221b tu ||||| |||| 00| 0 tur d |
| 020 ## - ULUSLARARASI STANDART KİTAP NUMARASI | |
| Uluslararası Standart Kitap Numarası | 9786257586764 |
| 040 ## - KATALOGLAMA KAYNAK | |
| Orijinal Kataloglama Ajansı | TR-AnCHP |
| Metne Dönüştürmek Ajansı | TR-AnCHP |
| 041 ## - DİL KODU | |
| Metin / Ses Parça Veya Ayrı Başlığın Dil Kodu | tur |
| 082 ## - DEWEY ONLU SINIFLANDIRMA NUMARASI | |
| Sınıflandırma Numarası | 415 |
| Ürün Numarası | B29d 2023 |
| 090 ## - SINIFLAMA NUMARASI | |
| Sınıflama Numarası | 415 B29d 2023 |
| 100 ## - ANA GİRİŞ - KİŞİSEL İSİM | |
| Kişisel Ad | Bayraktaroğlu, Sinan |
| Adının Fuller Formu | Prof. Dr. |
| 245 10 - BAŞLIK TABLOSU | |
| Başlık | Dünden bugüne Türk toplumunda kültür çatışması : |
| Başlığın Kalan | dil ve eğitim / |
| Sorumluluk Tablosu, Vb | Prof. Dr. Sinan Bayraktaroğlu. |
| 246 ## - UNVAN FORM VARYING | |
| Başlık Doğru / Kısa Başlığı | Dil ve eğitim |
| 260 ## - YAYIN, DAĞITIM, VB | |
| Yayın, Dağıtım, Vb Yeri | Ankara: |
| Yayıncı, Dağıtıcı, Vs Adı | Akılçelen Kitaplar, |
| Yayın, Dağıtım, Vb Tarihi | 2023. |
| 300 ## - FİZİKSEL TANIM | |
| Kapsam | xi, 409 s. ; |
| Boyutlar | 21 cm. |
| 500 ## - GENEL NOT | |
| Genel Not | Dizin vardır.<br/> |
| 504 ## - KAYNAKÇA VB NOT | |
| Kaynakça Vb Notu | Kaynakça vardır.<br/> |
| 650 #0 - KONU KATMA GİRİŞ - TOPİKAL DÖNEM | |
| 9 (RLIN) | 874 |
| Topikal Süreli Veya Coğrafi Ad Giriş Elemanı | Türk dili |
| Genel Alt Bölümü | Tarih |
| 650 #0 - KONU KATMA GİRİŞ - TOPİKAL DÖNEM | |
| 9 (RLIN) | 874 |
| Topikal Süreli Veya Coğrafi Ad Giriş Elemanı | Türk dili |
| Genel Alt Bölümü | reform |
| 856 ## - ELEKTRONİK YER VE ERİŞİM | |
| Kamu Notu | Dijital Nüshası için Partimizin Kütüphane Sorumlusu ile iletişime geçiniz. |
| 942 ## - EKLENDİ GİRİŞ ELEMANLARI (KOHA) | |
| Sınıflandırma Veya Raf Düzeni Kaynak | Dewey Decimal Classification |
| Koha Öğesi Türü | Books |
| Kalıcı Konum | Mevcut Konum | Edinme Tarihi | Toplam Check-Out'Lar | Tam Çağrı Numarası | Barkod | Tarih Son Görülme | İtibaren Geçerli Fiyatlar | Koha Öğesi Türü |
|---|---|---|---|---|---|---|---|---|
| CHP Kütüphanesi | CHP Kütüphanesi | 02/21/2024 | 415 B29d 2023 | 21089 | 02/21/2024 | 02/21/2024 | Books |
